Personnalités francophones en B - Statistiques

Statistiques générales
  • Ce quiz a été pris 41 336 fois
    41 289 depuis la dernière actualisation
  • Le résultat moyen est 9 sur 16
Statistiques - réponses
Par images Hint Réponse % Correct
Footballeur Karim Benzema
95%
Rappeur Booba
92%
Présentateur TV Stéphane Bern
89%
Chanteur Daniel Balavoine
73%
Chanteur Jacques Brel
71%
Politicien François Bayrou
68%
Acteur Bourvil
60%
Journaliste Yann Barthès
56%
Actrice Leïla Bekhti
52%
Réalisateur Luc Besson
48%
Acteur-réalisateur Edouard Baer
42%
Chanteur Michel Berger
39%
Chanteuse Barbara
36%
Ecrivaine Simone de Beauvoir
35%
Politicien et avocat Robert Badinter
31%
Actrice Bérénice Béjo
23%
Aucun quiz correspondant
Distribution des résultats
% des personnes avec chaque résultat
Percentile par nombre de réponses
Votre historique - résultats
Vous n’avez pas pris ce quiz depuis la dernière actualisation